Statistics for Closest Capital Cities at different Sides of any Parallel

Click here to take the quiz!

General Stats

  • This quiz has been taken 26 times
  • The average score is 68 of 112

Answer Stats

Capital City% Correct
Rome
95%
Budapest
89%
Helsinki
89%
Jerusalem
89%
Ljubljana
89%
Baghdad
84%
Belgrade
84%
Berlin
84%
Copenhagen
84%
Minsk
84%
Prague
84%
Reykjavik
84%
Skopje
84%
Tirana
84%
Tunis
84%
Vatican City
84%
Vienna
84%
Abu Dhabi
79%
Amman
79%
Beirut
79%
Bern
79%
Bratislava
79%
Cairo
79%
Damascus
79%
Dublin
79%
Nicosia
79%
Riga
79%
San Marino
79%
Sarajevo
79%
Seoul
79%
Tallinn
79%
Zagreb
79%
Amsterdam
74%
Brussels
74%
Buenos Aires
74%
Canberra
74%
Podgorica
74%
Pretoria
74%
Pyongyang
74%
Tripoli
74%
Vaduz
74%
Vilnius
74%
Doha
68%
Kabul
68%
Kuwait City
68%
Luxembourg
68%
Manama
68%
Pristina
68%
Valletta
68%
Wellington
68%
Accra
63%
Apia
63%
Montevideo
63%
Tbilisi
63%
Yerevan
63%
Gaborone
58%
Kingston
58%
Kingstown
58%
Suva
58%
Abuja
53%
Asuncion
53%
Kampala
53%
Kinshasa
53%
Kuala Lumpur
53%
Lome
53%
Luanda
53%
Maseru
53%
Mbabane
53%
Muscat
53%
Nuku'alofa
53%
Tashkent
53%
Castries
47%
Dakar
47%
Dushanbe
47%
Freetown
47%
Harare
47%
Juba
47%
Kigali
47%
Libreville
47%
Lusaka
47%
Maputo
47%
Sao Tome
47%
Singapore
47%
Yaounde
47%
Basseterre
42%
Brazzaville
42%
Bujumbura
42%
Conakry
42%
Dodoma
42%
Hanoi
42%
Havana
42%
Lilongwe
42%
Malabo
42%
Nairobi
42%
Nouakchott
42%
Port-au-Prince
42%
Port-of-Spain
42%
Porto-Novo
42%
Saint George's
42%
Saint John's
42%
Santo Domingo
42%
Bissau
37%
Georgetown
37%
Kathmandu
37%
Monrovia
37%
Nassau
37%
Vientiane
37%
Dhaka
32%
Naypyidaw
32%
Paramaribo
32%
Roseau
32%
Thimphu
32%

Score Distribution

Percentile by Number Answered

Percent of People with Each Score

Your Score History

You have not taken this quiz